Foods that start with the letter D - Statistics

General Stats
  • This quiz has been taken 217 times
  • The average score is 7 of 13
Answer Stats
Picture Hint Answer % Correct
dragonfruit
89%
dates
83%
dumpling
81%
doughnut
69%
drumstick
68%
you can eat the leaf dandelion
66%
type of pastry danish
66%
vegetable used in flavouring food dill
61%
smelliest fruit in the world durian
59%
duck
50%
an indian dish dhal
35%
a type of plum damson plum
2%
use to decorate cake dragee
1%
No matching quizzes found
Score Distribution
Percent of People with Each Score
Percentile by Number Answered
Your Score History
You have not taken this quiz